कवितायेँ / (Record no. 112951)

MARC details
000 -LEADER
fixed length control field 00972nam a22002537a 4500
005 - DATE AND TIME OF LATEST TRANSACTION
control field 20170124102946.0
010 ## - LIBRARY OF CONGRESS CONTROL NUMBER
LC control number B-091639
020 ## - INTERNATIONAL STANDARD BOOK NUMBER
Terms of availability 200.00
International Standard Book Number 8188459062
035 ## - SYSTEM CONTROL NUMBER
System control number B-091639
037 ## - SOURCE OF ACQUISITION
Source of stock number/acquisition Cen Lib/Ret
040 ## - CATALOGING SOURCE
Original cataloging agency DPL
Language of cataloging HN
082 ## - DEWEY DECIMAL CLASSIFICATION NUMBER
Classification number 821
Item number लल्लन
100 ## - MAIN ENTRY--PERSONAL NAME
Personal name लल्लन, बी.ए.
9 (RLIN) 49871
245 ## - TITLE STATEMENT
Title कवितायेँ /
Statement of responsibility, etc बी.ए.लल्लन
246 ## - VARYING FORM OF TITLE
Title proper/short title Kavitayen /
Remainder of title by B.A.Lallan
260 ## - PUBLICATION, DISTRIBUTION, ETC. (IMPRINT)
Place of publication, distribution, etc दिल्ली
Name of publisher, distributor, etc शुभदा प्रकाशन
Date of publication, distribution, etc 2005
270 ## - ADDRESS
City दिल्ली
Address 1/11052-ए, सुभाष पार्क, शाहदरा
Postal code 110032
300 ## - PHYSICAL DESCRIPTION
Extent 199पृ.
Dimensions 21सेमी (सजिल्द)
650 ## - SUBJECT ADDED ENTRY--TOPICAL TERM
Topical term or geographic name as entry element हिन्दी -- साहित्य
9 (RLIN) 49872
650 ## - SUBJECT ADDED ENTRY--TOPICAL TERM
Topical term or geographic name as entry element हिन्दी -- कवितायेँ
9 (RLIN) 49873
650 ## - SUBJECT ADDED ENTRY--TOPICAL TERM
Topical term or geographic name as entry element Hindi -- literature
9 (RLIN) 49874
650 ## - SUBJECT ADDED ENTRY--TOPICAL TERM
Topical term or geographic name as entry element Hindi - Verses
9 (RLIN) 49875
942 ## - ADDED ENTRY ELEMENTS (KOHA)
Source of classification or shelving scheme Dewey Decimal Classification
Koha item type Hindi Books
Classification part 821
Call number suffix लल्लन
Holdings
Withdrawn status Lost status Damaged status Not for loan Home library Current library Date acquired Source of acquisition Cost, normal purchase price Total Checkouts Full call number Barcode Date last seen Copy number Cost, replacement price Price effective from Koha item type
        Central Library Central Library 11/08/2015 Cen Lib/Ret 200.00   821 लल्लन B-091639 11/08/2015 1 200.00 11/08/2015 Hindi Books

© Delhi Public Library
Hit Counter
free hit counter